Una teoría para la educación (Record no. 13282)

MARC details
000 -LEADER
campo de control de longitud fija 00870nam a2200277 i 4500
001 - NÚMERO DE CONTROL
campo de control 13282
003 - IDENTIFICADOR DE NÚMERO DE CONTROL
campo de control ES-MaACL
005 - FECHA Y HORA DE LA ÚLTIMA TRANSACCIÓN
campo de control 20250828004900.0
007 - CAMPO FIJO DE DESCRIPCIÓN FÍSICA--INFORMACIÓN GENERAL
campo de control de longitud fija t|
008 - DATOS DE LONGITUD FIJA--INFORMACIÓN GENERAL
campo de control de longitud fija 980122s1996 sp ||||1| spa d
020 ## - NÚMERO INTERNACIONAL ESTÁNDAR DEL LIBRO
Número Internacional Estándar del Libro 84-7112-407-6
080 ## - NÚMERO DE LA CLASIFICACIÓN DECIMAL UNIVERSAL
Número de la Clasificación Decimal Universal 37.011
080 ## - NÚMERO DE LA CLASIFICACIÓN DECIMAL UNIVERSAL
Número de la Clasificación Decimal Universal 37.013
100 1# - ENTRADA PRINCIPAL--NOMBRE DE PERSONA
Nombre de persona Carr, Wilfred.
9 (RLIN) 35473
245 14 - MENCIÓN DEL TÍTULO
Título Una teoría para la educación
Resto del título : hacia una investigación educativa crítica /
Mención de responsabilidad, etc. Wilfred Carr.
260 ## - PUBLICACIÓN, DISTRIBUCIÓN, ETC.
Lugar de publicación, distribución, etc. La Coruña :
Nombre del editor, distribuidor, etc. Fundación Paideia ;
Lugar de publicación, distribución, etc. Madrid :
Nombre del editor, distribuidor, etc. Morata,
Fecha de publicación, distribución, etc. [1996]
300 ## - DESCRIPCIÓN FÍSICA
Extensión 174 p. ;
Dimensiones 24 cm.
490 1# - MENCIÓN DE SERIE
Mención de serie Educación crítica
504 ## - NOTA DE BIBLIOGRAFÍA, ETC.
Nota de bibliografía, etc. Bibliografía : p. [166]-173.
650 #4 - PUNTO DE ACCESO ADICIONAL DE MATERIA--TÉRMINO DE MATERIA
Término de materia o nombre geográfico como elemento de entrada Educación-
Subdivisión general Filosofía.
9 (RLIN) 12079
650 17 - PUNTO DE ACCESO ADICIONAL DE MATERIA--TÉRMINO DE MATERIA
Término de materia o nombre geográfico como elemento de entrada Pedagogía
Fuente del encabezamiento o término embne
9 (RLIN) 15904
710 2# - ENTRADA AGREGADA--NOMBRE DE ENTIDAD CORPORATIVA
Nombre de entidad corporativa o nombre de jurisdicción como elemento de entrada Fundación Paideia.
9 (RLIN) 4378
830 0# - PUNTO DE ACCESO ADICIONAL DE SERIE-TÍTULO UNIFORME
Título uniforme Educación crítica
9 (RLIN) 228397
852 ## - LOCALIZACIÓN
Ubicación ES-MaACL
Número de control de estantería L-20637
Sublocalización o colección R.126380
Holdings
Estatus retirado Estado de pérdida Estado de daño No para préstamo Biblioteca de origen Biblioteca actual Ubicación en estantería Fecha de adquisición Fuente de adquisición Total de préstamos Signatura topográfica completa Código de barras Visto por última vez Precio de reemplazo Tipo de ítem Koha
        Biblioteca del Ateneo de Madrid Biblioteca del Ateneo de Madrid Depósito 2 17/01/2008     L-20637 1013525 23/02/2023 23/02/2023 Libro impreso